000 01408nam a2200337 a 4500
001 000015950
005 20250924073801.0
008 100222s1975 dr 000 0 spa d
040 _aDO-SdBNP
_bspa
_cBNPHU
082 _a338.17373
_bT291e
245 0 0 _aTendencias de la economía cafetalera dominicana 1955-1972 /
_cJosé del Castillo [et. al.]. ; presentación Emilio Cordero Michel.
260 _aSanto Domingo :
_bUASD,
_c1975.
300 _a177 p. ;
_c23 cm.
490 1 _aPublicaciones de la Universidad Autónoma de Santo Domingo
_vvol. 186
490 1 _aHistoria y sociedad
_v18
500 _aIncluye datos biográficos de los autores en la contracubierta
500 _aIncluye referencias bibliográficas y notas al pie de las páginas
590 _aInventariado,2018/DG
650 4 _aIndustria del café
_zRepública Dominicana
_y1955-1972
_935838
700 1 2 _aCastillo, José del
_92145
700 1 2 _aPuig, Max
_935839
700 1 2 _aCordero, Walter
_916854
700 1 2 _aCocco, Miguel,
_d1946-2009
_935840
700 1 2 _aFernández, Otto
_935841
700 1 2 _aLozano, Wilfredo
_d1950-
_97126
700 1 2 _aCordero Michel, Emilio,
_d1929-2018
_944029
710 1 _aUniversidad Autónoma de Santo Domingo
_972951
830 _aPublicaciones de la Universidad Autónoma de Santo Domingo
_v18
_952
830 0 _aHistoria y sociedad
_nno. 18
_935842
910 _aValidado. Control de calidad MFF
999 _c15492
_d15492